| 000 | 00512nam a2200229Ia 4500 | ||
|---|---|---|---|
| 008 | 150909s9999 xx 000 0 und d | ||
| 041 | _aEnglish | ||
| 082 | _a551 | ||
| 082 | _bDON/ME | ||
| 100 | _aDon W L | ||
| 100 | _eAuthor | ||
| 245 | _aMeteorology | ||
| 250 | _a4th Ed. | ||
| 260 | _aNewYork | ||
| 260 | _bMc Graw Hill Book company | ||
| 260 | _c1975 | ||
| 300 | _a518 Pages | ||
| 365 | _aU.S.D.18.95 | ||
| 650 | _aClimatology | ||
| 650 | _aweather forecasting | ||
| 942 | _cBK | ||
| 999 |
_c228043 _d228043 |
||